Геология и полезные ископаемые Восточной Сибири: сборник научных трудов

Bibliografski detalji
Autor kompanije: Иркутский государственный университет (ИГУ)
Daljnji autori: Сизых А. И. (редактор)
Sažetak:В сборник помещены материалы по различным аспектам геологии, геодинамики, петрологии, металлогении докембрийских и фанерозойских комплексов фундамента и складчатого обрамления юга Сибирской платформы, а также по минеральным ресурсам Иркутской области, хоздоговорным темам по нефтегазоносиости и экологическим проблемам. Рассмотрены актуальные аспекты магматизма, метаморфизма, тектоники, металлогении докембрия и фанерозоя. Установлены особенности локализации минеральных ресурсов в пределах Сибирской платформы. Для геологов, петрологов, металлогенистов, геохимиков, аспирантов, магистрантов и студентов.
Jezik:ruski
Izdano: Иркутск, Изд-во Иркутского ГТУ, 2007
Teme:
Format: Knjiga
KOHA link:https://koha.lib.tpu.ru/cgi-bin/koha/opac-detail.pl?biblionumber=144160

MARC

LEADER 00000nam0a2200000 4500
001 144160
005 20231031143545.0
010 |a 9785962401614 
035 |a (RuTPU)RU\TPU\book\156242 
090 |a 144160 
100 |a 20080930d2007 k y0rusy50 ca 
101 0 |a rus 
102 |a RU 
105 |a a z 001zy 
200 1 |a Геология и полезные ископаемые Восточной Сибири  |e сборник научных трудов  |f Иркутский гос. ун-т ; под ред. А. И. Сизых 
210 |a Иркутск  |c Изд-во Иркутского ГТУ  |d 2007 
215 |a 205 с.  |c ил. 
320 |a Библиогр. в конце докладов. 
330 |a В сборник помещены материалы по различным аспектам геологии, геодинамики, петрологии, металлогении докембрийских и фанерозойских комплексов фундамента и складчатого обрамления юга Сибирской платформы, а также по минеральным ресурсам Иркутской области, хоздоговорным темам по нефтегазоносиости и экологическим проблемам. Рассмотрены актуальные аспекты магматизма, метаморфизма, тектоники, металлогении докембрия и фанерозоя. Установлены особенности локализации минеральных ресурсов в пределах Сибирской платформы. Для геологов, петрологов, металлогенистов, геохимиков, аспирантов, магистрантов и студентов. 
610 1 |a геология 
610 1 |a полезные ископаемые 
610 1 |a Восточная Сибирь 
610 1 |a научные труды 
610 1 |a научные статьи 
610 1 |a магматизм 
610 1 |a тектоника 
610 1 |a геодинамика 
610 1 |a морфология 
610 1 |a минералогия 
610 1 |a осадконакопление 
675 |a 55(571.5)  |v 3 
675 |a 553(571.5)  |v 3 
702 1 |a Сизых  |b А. И.  |4 340 
712 0 2 |a Иркутский государственный университет (ИГУ)  |2 stltpush  |3 (RuTPU)RU\TPU\col\273 
801 1 |a RU  |b 63413507  |c 20080930  |g PSBO 
801 2 |a RU  |b 63413507  |c 20081023  |g PSBO 
942 |c BK